00414nam a22001457a 450000500170000000800410001702200130005804100130007108200130008410000130009724500430011026000570015330000320021065000260024220240222070346.0240222b |||||||| |||| 00| 0 eng d a10233806 aEnglish  a349 BUT  lEnglish  aButterworths Law Reports : Labour Law  aDurban : bButterworth Publishers (Pty) Ltd, c2001  bxxii, 123 pages ; c25 cm.  aLegal practice bLaw